Statistics for Big Hero 6 Quiz 2 (Harder)

Click here to take the quiz!

General Stats

  • This quiz has been taken 254 times
  • The average score is 7 of 15

Answer Stats

HintAnswer% Correct
What is the name of Aunt Cas' Cat?Mochi
71%
What is Hiro allergic to?Peanuts
68%
What is the name of the Bot Fighter who beats everyone at the start of the movie? (Not Hiro)Yama
68%
What is Callaghan's first name?Robert
67%
'Tadashi is _____?'here
59%
'Hello, I am Baymax, your personal __________________'healthcare companion
47%
What animal is on Krei's logo?Bird
45%
'What were you two ___________ thinking?'knuckle heads
42%
How many medical procedures does Baymax know?Over 10,000
42%
'I am a robot, I cannot be ________'offended
39%
What is the primary ingredient in the antibacteria spray?Bacitracin
31%
What is Krie's first name?Alistair
28%
What battery does Baymax use?Lithium ion
21%
The head of which other Disney character is on Hiro's desk as a TV?Eve
19%
How much can Baymax lift?1,000 pounds
16%

Score Distribution

Percentile by Number Answered

Percent of People with Each Score

Your Score History

You have not taken this quiz